Zen and the art of enlightement / (Record no. 136033)
[ view plain ]
| 000 -LEADER | |
|---|---|
| fixed length control field | 00771nam a22002537a 4500 |
| 003 - CONTROL NUMBER IDENTIFIER | |
| control field | dpl |
| 005 - DATE AND TIME OF LATEST TRANSACTION | |
| control field | 20181212131233.0 |
| 008 - FIXED-LENGTH DATA ELEMENTS--GENERAL INFORMATION | |
| fixed length control field | 181128b ||||| |||| 00| 0 eng d |
| 010 ## - LIBRARY OF CONGRESS CONTROL NUMBER | |
| LC control number | B-182744 |
| 020 ## - INTERNATIONAL STANDARD BOOK NUMBER | |
| Terms of availability | 300.00 |
| International Standard Book Number | 817182398 |
| 035 ## - SYSTEM CONTROL NUMBER | |
| System control number | B-182744, B-182753, B-182732 |
| 037 ## - SOURCE OF ACQUISITION | |
| Source of stock number/acquisition | Cen Lib/Ret |
| 040 ## - CATALOGING SOURCE | |
| Original cataloging agency | DPL |
| Language of cataloging | EN |
| Transcribing agency | 0 |
| 082 ## - DEWEY DECIMAL CLASSIFICATION NUMBER | |
| Classification number | 181.499 |
| Item number | OSH |
| 100 ## - MAIN ENTRY--PERSONAL NAME | |
| Personal name | Osho |
| 9 (RLIN) | 30562 |
| 245 ## - TITLE STATEMENT | |
| Title | Zen and the art of enlightement / |
| Statement of responsibility, etc | by Osho |
| 246 ## - VARYING FORM OF TITLE | |
| Remainder of title | |
| 260 ## - PUBLICATION, DISTRIBUTION, ETC. (IMPRINT) | |
| Place of publication, distribution, etc | New Delhi |
| Name of publisher, distributor, etc | Fusion Books |
| Date of publication, distribution, etc | 2006 |
| 270 ## - ADDRESS | |
| City | New Delhi |
| Address | X-30, Okhla Industrial Area, Phase-2 |
| Postal code | 110020 |
| 300 ## - PHYSICAL DESCRIPTION | |
| Extent | 215p. |
| Dimensions | 21cm(Hb) |
| 650 ## - SUBJECT ADDED ENTRY--TOPICAL TERM | |
| Topical term or geographic name as entry element | Philosophy -- art of Living |
| 9 (RLIN) | 100717 |
| 650 ## - SUBJECT ADDED ENTRY--TOPICAL TERM | |
| Topical term or geographic name as entry element | Morality -- Hindu philosophy |
| 9 (RLIN) | 111887 |
| 942 ## - ADDED ENTRY ELEMENTS (KOHA) | |
| Source of classification or shelving scheme | Dewey Decimal Classification |
| Koha item type | English Books |
| Classification part | 181.499 |
| Call number suffix | OSH |
| Withdrawn status | Lost status | Damaged status | Not for loan | Home library | Current library | Date acquired | Source of acquisition | Cost, normal purchase price | Total Checkouts | Full call number | Barcode | Date last seen | Copy number | Cost, replacement price | Price effective from | Koha item type | Source of classification or shelving scheme | Collection code | Date checked out |
|---|---|---|---|---|---|---|---|---|---|---|---|---|---|---|---|---|---|---|---|
| Central Library | Central Library | 13/10/2015 | Cen Lib/Ret | 300.00 | 181.499 OSH | B-182744 | 13/10/2015 | 1 | 300.00 | 13/10/2015 | English Books | ||||||||
| Vigyan Vihar | Vigyan Vihar | 28/11/2018 | BPPD/PUB | 300.00 | 1 | 181.499 OSH | B-182753 | 15/02/2021 | 300.00 | 28/11/2018 | English Books | Dewey Decimal Classification | Non-fiction | 02/02/2021 | |||||
| Vigyan Vihar | Vigyan Vihar | 12/12/2018 | BPPD/PUB | 300.00 | 1 | 181.499 OSH | B-182732 | 21/01/2021 | 300.00 | 12/12/2018 | English Books | Dewey Decimal Classification | Non-fiction | 18/01/2021 |
